Nebraska Cornhuskers Ultimate Fan Challenge - Statistics

General Stats
  • This quiz has been taken 9 times
  • The average score is 15 of 23
Answer Stats
Hint Answer % Correct
What year did Nebraska last win a national championship in football? 1997
100%
What conference do the Cornhuskers currently compete in? Big Ten
100%
Nebraska’s colors are scarlet and what? Cream
100%
What city is the Nebraska Cornhuskers football team based in? Lincoln
100%
What is the name of Nebraska’s home football stadium? Memorial Stadium
100%
Nebraska’s biggest historic football rival from the Big 12 era was Oklahoma
100%
Nebraska moved to the Big Ten Conference in what year? 2011
86%
The “Blackshirts” refers to which unit on the football team? Defense
86%
Which Nebraska athlete won the Heisman Trophy in 2001? Eric Crouch
86%
Nebraska volleyball has won multiple national championships. What color are their home jerseys primarily? Red
86%
Who is widely considered the greatest quarterback in Nebraska history? Tommie Frazier
86%
Which legendary coach led Nebraska football during its dominant 1990s run? Tom Osborne
86%
Nebraska baseball plays at which field? Haymarket Park
71%
What is the nickname of Nebraska’s mascot? Herbie Husker
71%
Which Nebraska running back won the Heisman Trophy in 1983? Mike Rozier
57%
Which Nebraska player is known for his dominant defensive season but did NOT win the Heisman despite being a finalist? Ndamukong Suh
57%
Nebraska volleyball plays in which arena? Devaney Center
43%
Which Nebraska football coach also later coached in the NFL with the Raiders? Bill Callahan
29%
What is the name of Nebraska’s student section? Sea of Red
29%
What is the name of Nebraska’s band? The Pride of All Nebraska
29%
What is unique about Memorial Stadium on game days? Becomes 3rd largest city
14%
What famous strength program helped build Nebraska’s dominance? Husker Power
0%
What is the name of Nebraska’s famous walk-on football program tradition? Pipeline
0%
No matching quizzes found
Score Distribution
Percent of People with Each Score
Percentile by Number Answered
Your Score History
You have not taken this quiz